Migrácia a trendy v remitenciách v roku 2009

Súčasné trendy v migrácii a remitenciách. Faktory ovplyvňujúce migráciu a toky remitencií v roku 2009. Vplyv súčasnej krízy na kapacitu migrácie a toky remitencií. Úsilie migrantov znížiť spotrebu. Vplyv kurzového vývoja. Výhľad na roky 2010 – 2011. Odhad remitenčných tokov do rozvojových krajín (20...

Descrizione completa

Salvato in:
Dettagli Bibliografici
Autore principale: Jančíková, Eva, 1960-
Natura: Capitolo di libro
Lingua:slovacco
Soggetti:
Tags: Aggiungi Tag
Nessun Tag, puoi essere il primo ad aggiungerne!!

MARC

LEADER 00000nla$a2200000$$$4500
001 0117310
005 20240502072318.5
041 0 |a slo 
044 |a SK 
245 1 0 |a Migrácia a trendy v remitenciách v roku 2009  |c Eva Jančíková 
520 |a Súčasné trendy v migrácii a remitenciách. Faktory ovplyvňujúce migráciu a toky remitencií v roku 2009. Vplyv súčasnej krízy na kapacitu migrácie a toky remitencií. Úsilie migrantov znížiť spotrebu. Vplyv kurzového vývoja. Výhľad na roky 2010 – 2011. Odhad remitenčných tokov do rozvojových krajín (2009-2011). 
610 2 0 |a migrácia 
610 2 0 |a pohyb síl pracovných medzinárodný 
610 2 0 |a emigrácia 
610 2 0 |a financie 
610 2 0 |a krajiny rozvojové 
610 2 0 |a krajiny vyspelé 
610 2 0 |a svet 
610 2 0 |a kríza finančná 
100 1 |a Jančíková, Eva, 1960-